Obálka Náhled e-knihy:
PDF Epub
Pro půjčování e-knih musíte být přihlášeni.
Jak si půjčit online?

Kouzelní poníci. Třpytivé štěstí /

Příběh Stephanie, která přeroste svého poníka a musí se s ním rozloučit.

Uloženo v:
Série:Kouzelní poníci, část 3
Hlavní autor: Bentley, Sue, 1951- (Autor)
Další autoři: Swan, Angela, 1982- (Autor), Lopatová, Žofie (Ilustrátor)
Médium: E-kniha
Jazyk:Czech
Vydáno: Praha : Fragment, 2019
Vydání:1. vydání
Témata:
Příbuzné jednotky:Z cyklu:: Kouzelní poníci
Tagy:
Žádné tagy
LEADER 02475nam a2200505 i 4500
001 310999
003 CZ PrSKC
005 20260601215658.0
007 ta
008 190129s2019 xr a b 000 j cze
015 |a cnb003073324 
020 |a 9788025340417  |q (vázáno) :  |c Kč 169,00 
035 |a (OCoLC)1089710694 
040 |a OLA001  |b cze  |e rda 
041 1 |a cze  |h eng 
072 7 |a 821.111-3  |x Anglická próza, anglicky psaná  |2 Konspekt 
072 7 |a 821-93  |x Literatura pro děti a mládež (beletrie)  |2 Konspekt 
080 |a 821.111-32  |2 MRF 
080 |a 821-93  |2 MRF 
080 |a (0:82-32)  |2 MRF 
100 1 |a Bentley, Sue,  |d 1951-  |7 jo2008479178  |4 aut 
240 1 0 |a Twinkle of hooves.  |l Česky 
245 1 0 |a Kouzelní poníci.  |p Třpytivé štěstí /  |c Sue Bentleyová ; ilustrovala Angela Swanová ; z anglického originálu Magic ponies: A twinkle of hooves přeložila Žofie Lopatová 
246 3 0 |a Třpytivé štěstí 
250 |a 1. vydání 
264 1 |a Praha :  |b Fragment,  |c 2019 
300 |a 126 stran :  |b ilustrace ;  |c 20 cm 
336 |a text  |b txt  |2 rdacontent 
337 |a bez média  |b n  |2 rdamedia 
338 |a svazek  |b nc  |2 rdacarrier 
520 2 |a Příběh Stephanie, která přeroste svého poníka a musí se s ním rozloučit.  |b Stephanie je nešťastná. Naštěstí potká kouzelného poníka Oriona z Ostrova duhové mlhy, se kterým se spřátelí. Orion hledá své dvojče, kobylku Destiny a přitom pomůže Steph překonat období, než si najde nové kamarády v našem "obyčejném" světě. 
521 8 |a Pro děti od 5 let 
655 7 |a anglické příběhy  |7 fd131813  |2 czenas 
655 7 |a publikace pro děti  |7 fd133156  |2 czenas 
655 9 |a English stories  |2 eczenas 
655 9 |a children's literature  |2 eczenas 
700 1 |a Swan, Angela,  |d 1982-  |7 ola2018992819  |4 ill 
700 1 |a Lopatová, Žofie  |7 mzk2016913800  |4 trl 
787 0 8 |i Z cyklu:  |t Kouzelní poníci  |g 3 
900 |a ABA001  |b 20 
928 9 |a Albatros Media - Fragment 
044 |a xr 
910 |a RBIT002 
998 |d 181274  |a https://core.palmknihy.cz/api/books/181274/cover?sln89n  |b https://core.palmknihy.cz/api/books/181274/cover/400?sln89n  |c https://core.palmknihy.cz/api/books/181274/cover/50?sln89n  |e 2027-06-22  |g 128  |i 9788025340417  |j https://core.palmknihy.cz/api/books/181274/preview.epub  |k https://core.palmknihy.cz/api/books/181274/preview.pdf  |l   |q 49  |r 1  |s https://www.palmknihy.cz/kniha/181274  |t ebook  |y 2019  |z 0  |v Kouzelní poníci  |w 3 
999 |d 310997